Directorio catequístico, el christiano ilustrado en la fe, con la glossa universal de la doctrina christiana, ...

Detalles Bibliográficos
Autor principal: ORTIZ CANTERO, José
Formato: Libro
Publicado: Madrid 1766
Materias:
Colección:Banco de datos
Acervo:Biblioteca del Ex Convento de Nuestra Señora de Guadalupe. Zacatecas
Descripción Física:t. II
Tema general:Catequética
Notas:Buena. XI,13,17 (3928). Dos ex libris manuscritos
LEADER 00787nam a22002050004500
035 |a 46202 
036 |a 7386 
100 1 |a ORTIZ CANTERO, José 
245 1 0 |a Directorio catequístico, el christiano ilustrado en la fe, con la glossa universal de la doctrina christiana, ... 
260 |a Madrid  |b imp. Antonio Pérez de Soto  |c 1766 
300 |a t. II 
500 |a Buena. XI,13,17 (3928). Dos ex libris manuscritos 
650 1 0 |a Catequética 
949 |a CRZ-CG 
959 |a Ex convento de Nuestra Señora de Guadalupe, Museo Regional de Zacatecas, Zacatecas  |b CCC4 
960 |a Convento de Nuestra Señora de Guadalupe, Zacatecas  |b DD87 
961 |a Franciscana  |b OF 
942 |c CRZ-CG 
943 |g Biblioteca del Ex Convento de Nuestra Señora de Guadalupe. Zacatecas 
999 |c 970329  |d 970329